| 000 | 00473nam a22001697a 4500 | ||
|---|---|---|---|
| 003 | MACL | ||
| 005 | 20211204122413.0 | ||
| 008 | 211204b |||||||| |||| 00| 0 eng d | ||
| 040 | _cMACL | ||
| 082 | _a630 | ||
| 100 |
_aK.Shivarama Rao _981247 |
||
| 245 |
_aAGRICULTURE KNOWLEDGE TRANSFER _bA Study of Prevailing Knowledge Transfer Models |
||
| 260 |
_aNew Delhi _bAnamika Publishers & Distributors _c2015 |
||
| 300 | _ap228 | ||
| 650 | _aAgriculture | ||
| 942 |
_2ddc _cBK |
||
| 999 |
_c64516 _d64516 |
||